000 00804nas a2200253 4500
001 BR8700472
003 BR-BrBNA
005 20231205090547.0
007 ta
008 230509b bl.|||p| |||| 00| 00por d
040 _aBR-BrBNA
_bpor
_cBiblioteca Nacional de Agricultura
041 _a(Pt)
072 _aM12
100 1 _aChacon, J. de O.
100 1 _aSantos, E.P. dos
100 1 _aMello, J.T.C. de
100 1 _aSilva, W.B. e
245 1 _aCurva de rendimento do piau comum, Leporinus fridericii (Bloch, 1797), do acude publico "Quixeramobim" [Quixeramobim, Ceara, Brasil]
650 _aPIAU
650 _aCEARA
773 0 _tCiencia e Cultura (Brazil)
_xISSN 0009-6725
_g(Dec 1984), v. 36(12) p. 2180-2183
_wBR8700472
909 _a202311
_bLúcia
_c55
_dLúcia Elande
942 _2AGRIS
_n0
_cANA
999 _c119329
_d119329